les 50 meilleurs passeurs de l'Histoire de la NBA - Statistiques

Statistiques générales
  • Ce quiz a été pris 204 fois
    17 depuis la dernière actualisation
  • Le résultat moyen est 23 sur 50
Statistiques - réponses
passes totales Réponse Teams % Correct
11 826 LeBron James Cavaliers-Heat-Lakers
100%
6 729 Stephen Curry Warriors
94%
7 036 Tony Parker Spurs-Hornets
88%
10 141 Magic Johnson Lakers
82%
12 552 Chris Paul Hornets-Clippers-Rockets-Thunder-Suns-Warriors-Spurs
76%
8 700 James Harden Thunder-Rockets-Nets-76ers-ClippersCavaliers
76%
6 238 Jerry West Lakers
76%
15 806 John Stockton Jazz
76%
6 306 Kobe Bryant Lakers
76%
5 800 Nikola Jokic Nuggets
76%
9 887 Oscar Robertson Royals-Bucks
76%
10 267 Russell Westbrook Thunder-Rockets-Wizards-Lakers-Clippers-Nuggets-Kings
76%
10 335 Steve Nash Suns-Mavericks-Lakers
76%
5 846 Avery Johnson Sonics-Nuggets-Spurs-Rockets-Warriors-Mavericks
71%
9 061 Isiah Thomas Pistons
71%
12 091 Jason Kidd Mavericks-Suns-Nets-Knicks
71%
6 711 Kevin Johnson Cavaliers-Suns
71%
5 695 Larry Bird Celtics
71%
8 966 Gary Payton Sonics-Bucks-Lakers-Celtics-Heat
65%
6 751 Mike Conley Grizzlies-Jazz-Timberwolves
65%
6 069 Damian Lillard Trail Blazers-Bucks
59%
7 107 Kyle Lowry Grizzlies-Rockets-Raptors-Heat-76ers
59%
7 584 Rajon Rondo Celtics-Mavericks-Kings-Bulls-Pelicans-Lakers-Hawks-Clippers-Cavaliers
59%
6 955 Bob Cousy Celtics
53%
6 125 Clyde Drexler Trail Blazers-Rockets
53%
6 608 Jrue Holiday 76ers-Pelicans-Bucks-Celtics-Trail Blazers
53%
6 135 Scottie Pippen Bulls-Rockets-Trail Blazers
53%
5 701 Dwyane Wade Heat-Bulls-Cavaliers
47%
8 524 Andre Miller Cavaliers-Clippers-Nuggets-76ers-Spurs-Trail Blazers-Wizards-Kings-Timberwolves
41%
6 819 Deron Williams Jazz-Nets-Mavericks-Cavaliers
41%
7 095 Tim Hardaway Warriors-Heat-Mavericks-Nuggets-Pacers
41%
6 577 Derek Harper Mavericks-Knicks-Magic-Lakers
24%
6 114 John Havlicek Celtics
24%
5 735 John Wall Wizards-Rockets-Clippers
24%
10 334 Mark Jackson Knicks-Clippers-Pacers-Nuggets-Raptors-Jazz-Rockets
24%
7 392 Maurice Cheeks 76ers-Spurs-Knicks-Hawks-Nets
24%
5 939 Sam Cassell Rockets-Suns-Mavericks-Nets-Bucks-Timberwolves-Clippers-Celtics
24%
6 025 Baron Davis Hornets-Pelicans-Warriors-Clippers-Cavaliers-Knicks
18%
6 726 Muggsy Bogues Bullets-Hornets-Warriors-Raptors
18%
6 471 Stephon Marbury Timberwolves-Nets-Suns-Knicks-Celtics
18%
6 476 Tiny Archibald Royals-Nets-Celtics-Bucks
18%
5 777 Nick Van Exel Lakers-Nuggets-Mavericks-Warriors-Trail Blazers-Spurs
12%
6 454 John Lucas Rockets-Warriors-Bullets-Spurs-Bucks-Sonics
6%
7 211 Lenny Wilkens Hawks-Sonics-Cavaliers-Trail Blazers
6%
7 987 Rod Strickland Knicks-Spurs-Trail Blazers-Wizards-Heat-Timberwolves-Magic-Raptors-Rockets
6%
7 160 Terry Porter Trail Blazers-Timberwolves-Heat-Spurs
6%
6 917 Guy Rodgers Warriors-Bulls-Royals-Bucks
0%
5 972 Mookie Blaylock Nets-Hawks-Warriors
0%
6 386 Norm Nixon Lakers-Clippers
0%
6 453 Reggie Theus Bulls-Kings-Hawks-Magic-Nets
0%
Aucun quiz correspondant
Distribution des résultats
% des personnes avec chaque résultat
Percentile par nombre de réponses
Votre historique - résultats
Vous n’avez pas pris ce quiz depuis la dernière actualisation